000 00314nam a22001337a 4500
020 _a978-1-199=56120-0
082 _a658.42
100 _aSolomon, Jill
245 _aCorporate Governance and Accountability
250 _a5th
260 _aHoboken:
_bWiley.
_c2021
300 _aix, 272p.: ill.; 25cm
942 _cBK
999 _c22120
_d22120